LEADER 01833cam0-2200529---450- 001 990000056980203316 005 20050712153921.0 035 $a0005698 035 $aUSA010005698 035 $a(ALEPH)000005698USA01 035 $a0005698 100 $a20000914d1997----|||y0itay0103----ba 101 0 $aita 102 $aIT 105 $a||||||||001|Y 200 1 $aComunicazione multimediale e influenza sociale nell'età evolutiva$egli effetti dei mass media su bambini e adolescenti$fLuciana Salvucci 210 $aMilano$cPrometheus$dcopyr.1997 215 $a91 p.$d24 cm 225 2 $aBiblioteca verde di saggi, ricerche e studi$v8 312 $aTit. sul dorso: Comunicazione multimediale e influenza sociale 410 0$a12001$12001_$aBiblioteca verde di saggi, ricerche e studi$v8. 610 $aTelevisione Aspetti sociali 610 $aTrasmissioni televisive Effetti psicologici Infanzia 676 $a302.2345083$v20 700 1$aSALVUCCI$b, Luciana$0754321 801 $aIT$bSALBC$gISBD 912 $a990000056980203316 951 $aIV.1. 614(XV B 732)$b151396 L.M.$cXV B$dY 959 $aBK 979 $c20000914$lUSA01$h1725 979 $c20000919$lUSA01$h1047 979 $c20000919$lUSA01$h1520 979 $c20001019$lUSA01$h1055 979 $c20001019$lUSA01$h1452 979 $c20001019$lUSA01$h1500 979 $c20001019$lUSA01$h1537 979 $c20001024$lUSA01$h1513 979 $c20001027$lUSA01$h1518 979 $c20001027$lUSA01$h1522 979 $c20001110$lUSA01$h1709 979 $c20001124$lUSA01$h1207 979 $c20020403$lUSA01$h1613 979 $aPATRY$b90$c20040406$lUSA01$h1605 979 $aCOPAT6$b90$c20050712$lUSA01$h1539 996 $aComunicazione multimediale e influenza sociale nell'età evolutiva$91517744 997 $aUNISA bas $auma LEADER 06369nam 22006492 450 001 9910424957203321 005 20231206220151.0 010 $a1-64189-944-1 010 $a1-942401-35-3 024 7 $a10.1515/9781942401353 035 $a(CKB)3790000000550159 035 $a(DE-B1597)528896 035 $a(OCoLC)1089008515 035 $a(DE-B1597)9781942401353 035 $a(OCoLC)1017000176 035 $a(MdBmJHUP)muse60256 035 $a(UkCbUP)CR9781942401353 035 $a(MiAaPQ)EBC5718284 035 $a(MiAaPQ)EBC5193610 035 $a(EXLCZ)993790000000550159 100 $a20201011d2017|||| uy| 0 101 0 $aeng 135 $aur||||||||||| 181 $ctxt$2rdacontent 182 $cc$2rdamedia 183 $acr$2rdacarrier 200 00$aDigital techniques for documenting and preserving cultural heritage /$fedited by Anna Bentkowska-Kafel and Lindsay MacDonald$b[electronic resource] 210 1$aKalamazoo :$cArc Humanities Press,$d2017. 215 $a1 online resource (xliv, 325 pages) $cdigital, PDF file(s) 225 0 $aCollection Development, Cultural Heritage, and Digital Humanities 300 $aTitle from publisher's bibliographic system (viewed on 29 Jan 2021). 311 $a1-942401-34-5 320 $aIncludes bibliographical references and index. 327 $aIntroduction / Anna Bentkowska-Kafel -- Part I. COSCH case studies -- An interdisciplinary discussion of the terminologies used in cultural heritage research / Vera Moitinho de Almeida, Stefanie Wefers, and Orla Murphy -- From a buried fragment to the virtual artefact: a case study of Greek pottery / Despoina Tsiafaki, Anestis Koutsoudis, Natasa Michailidou, and Fotis Arnaoutoglou -- Beyond photography: an interdisciplinary, exploratory case study in the recording and examination of Roman silver coins / Anna Bentkowska-Kafel, Vera Moitinho de Almeida, Lindsay MacDonald, Julio M. del Hoyo-Mele?ndez, and Aurore Mathys -- Wall paintings in the Cha?teau de Germolles: an interdisciplinary project for the rediscovery of a unique fourteenth-century decoration / Christian Degrigny and Francesca Pique? with contributions from Marco Cucchi, Vincent Detalle, Jean-Philippe Farrugia, Gae?tan Le Goi?c, Alamin Mansouri, Dominique Martos-Levif, Fre?de?ric Me?rienne, Aure?lie Mounier, Anthony Pamart, Cristina Tedeschi, Jean-Marc Vallet, and Stefanie Wefers -- A 4d virtual presentation of the White Bastion Fortress in Sarajevo / Selma Rizvic -- Digitization of cultural heritage at the National Museum of Romanian History, Bucharest / Irina Mihaela Ciortan -- Bremen Cog: three recording techniques for one object / Amandine Colson and Levente Tamas -- A study of spectral imaging acquisition and processing for cultural heritage / Sony George, Jon Y. Hardeberg, Joa?o Linhares, Lindsay MacDonald, Cristina Montagner, Se?rgio Nascimento, Marcello Picollo, Ruven Pillay, Tatiana Vitorino, and E. Keats Webb -- Ontology-based structuring of spectral and spatial recording strategies for cultural heritage assets: background, state of affairs, and future perspectives / Ashish Karmacharya and Stefanie Wefers -- Communicating interdisciplinary scholarship: conclusions from COSCH / Anna Bentkowska-Kafel with contribution from Frank Boochs -- Part II. Methods and technologies -- 3d depth sensing / George Pavlidis and Santiago Royo -- 3d laser scanning / Mona Hess with contribution from Ahmad Baik -- Augmented reality / Jean-Philippe Farrugia and Fre?de?ric Merienne -- Digital storytelling / Selma Rizvic -- Focus stacking / Aurore Mathys and Jonathan Brecko -- Hyperspectral imaging / Andra?s Jung -- Laser-Induced Breakdown Spectroscopy (LIBS) / Vincent Detalle with contributions from Dominique Martos-Levif, Barbara Trichereau, Didier Brissaud, Stephanie Duche?ne, and Xueshi Bai -- Multiple view stereovision / Christos Stentoumis -- Photogrammetry / Julien Guery, Mona Hess, and Aurore Mathys -- Reflectance transformation imaging / Lindsay MacDonald -- Structure from motion / Mona Hess and Susie Green -- Structured light 3d scanning / Dirk Rieke-Zapp and Santiago Royo -- Total station surveying / Massimiliano Ditta and Amandine Colson -- X-Ray Fluorescence (XRF) spectrometry / Julio M. del Hoyo-Mele?ndez. 330 $aIn this unique collection the authors present a wide range of interdisciplinary methods to study, document, and conserve material cultural heritage. The methods used serve as exemplars of best practice with a wide variety of cultural heritage objects having been recorded, examined, and visualised. The objects range in date, scale, materials, and state of preservation and so pose different research questions and challenges for digitization, conservation, and ontological representation of knowledge. Heritage science and specialist digital technologies are presented in a way approachable to non-scientists, while a separate technical section provides details of methods and techniques, alongside examples of notable applications of spatial and spectral documentation of material cultural heritage, with selected literature and identification of future research. This book is an outcome of interdisciplinary research and debates conducted by the participants of the COST Action TD1201, Colour and Space in Cultural Heritage, 2012-16 and is an Open Access publication available under a CC BY-NC-ND licence. 517 3 $aDigital Techniques for Documenting & Preserving Cultural Heritage 606 $aCultural property$xDigitization 606 $aDigital preservation 606 $aHistoric preservation$xTechnological innovations 606 $aCultural property$xProtection$xTechnological innovations 610 $aCultural heritage. 610 $aDigital Humanities. 610 $aDocumentation. 610 $aScience. 615 0$aCultural property$xDigitization. 615 0$aDigital preservation. 615 0$aHistoric preservation$xTechnological innovations. 615 0$aCultural property$xProtection$xTechnological innovations. 676 $a025.8/4 702 $aBentkowska-Kafel$b Anna 702 $aMacDonald$b L. W$g(Lindsay W.),$f1950- 801 0$bUkCbUP 801 1$bUkCbUP 906 $aBOOK 912 $a9910424957203321 996 $aDigital techniques for documenting and preserving cultural heritage$92034520 997 $aUNINA LEADER 01387nam 2200433 450 001 9910813910903321 005 20230803044101.0 010 $a88-921-5637-3 035 $a(CKB)5120000000186295 035 $a(MiAaPQ)EBC2071033 035 $a(Au-PeEL)EBL2071033 035 $a(CaPaEBR)ebr11066269 035 $a(OCoLC)922336627 035 $a(EXLCZ)995120000000186295 100 $a20150627h20132013 uy 0 101 0 $aita 135 $aurcnu|||||||| 181 $2rdacontent 182 $2rdamedia 183 $2rdacarrier 200 13$aIl genocidio nel diritto penale internazionale $edagli scritti di Raphael Lemkin allo Statuto di Roma /$fCarmelo Domenico Leotta 210 1$aTurin, [Italy] :$cG. Giappichelli Editore,$d2013. 210 4$d©2013 215 $a1 online resource (449 pages) 311 $a88-348-8968-1 320 $aIncludes bibliographical references and indexes. 606 $aGenocide (International law) 606 $aInternational criminal law$xHistory 615 0$aGenocide (International law) 615 0$aInternational criminal law$xHistory. 676 $a340.115094309043 700 $aLeotta$b Carmelo Domenico$0739943 801 0$bMiAaPQ 801 1$bMiAaPQ 801 2$bMiAaPQ 906 $aBOOK 912 $a9910813910903321 996 $aIl genocidio nel diritto penale internazionale$94055299 997 $aUNINA